000 00995nam a22002417a 4500
005 20100910112945.0
008 100910t xxu||||| |||| 00| 0 hin d
010 _aHIN-90420
020 _c60.00
_a8174990380
035 _aHN-62766
037 _bDBAD / PUB
040 b _aDPL
_bHN
082 _a
100 _919362
_aलालवाणी,डी.पी.
245 _aविकृत समाज और कानून /
_cडी.पी.लालवाणी
260 _aनागपुर
_bविश्वभारती प्रकाशन
_c2009
270 _aसीताबर्डी
_bनागपुर
_e440012
_k2526442
300 _a112पृ.
_c22सेमी (अजिल्द)
650 _91169
_aलघु कथाएं, हिन्दी
700 _919359
942 _2ddc
_cHN
_h
_mलालवा
999 _c45057
_d45057